[Event "Challenge"]
[Site "http://www.queenalice.com/game.php?id=533270"]
[Date "2009.2.1"]
[Round "-"]
[White "general_zod"]
[Black "SmartPatzer"]
[Result "0-1"]
[WhiteElo "1557"]
[BlackElo "1822"]

1. e4 e6 2. e5 d5 3. d4 c5 4. Nf3 Qb6 5. Nc3 Nc6 6. Bb5 Ne7 7. O-O a6 8. Ba4 Bd7
9. dxc5 Qxc5 10. Bg5 b5 11. Bb3 Nxe5 12. Bxe7 Bxe7 13. Nxe5 d4 14. Nxd7 Kxd7 15.
a4 b4 16. Qd2 bxc3 17. bxc3 Bf6 18. Rac1 Ke7 19. cxd4 Bxd4 20. Rfd1 Rhd8 21. c3
Bf6 22. Qc2 g6 23. c4 Rdc8 24. Rd2 Bg5 0-1

[Event "Challenge"]
[Site "http://www.queenalice.com/game.php?id=533469"]
[Date "2009.2.1"]
[Round "-"]
[White "Possible43"]
[Black "SmartPatzer"]
[Result "0-1"]
[WhiteElo "1838"]
[BlackElo "1851"]

1. e4 e6 2. d3 d5 3. Nd2 Nf6 4. g3 b6 5. Bg2 dxe4 6. dxe4 Bb7 7. Ne2 Be7 8. O-O
e5 9. c3 Qd3 10. Re1 O-O 11. h3 Nbd7 12. g4 Nc5 13. Bf1 Qd7 14. Ng3 Ncxe4 15.
Ndxe4 Qxd1 16. Nxf6+ Bxf6 17. Rxd1 Bc6 0-1

[Event "Challenge"]
[Site "http://www.queenalice.com/game.php?id=533470"]
[Date "2009.2.1"]
[Round "-"]
[White "SmartPatzer"]
[Black "Possible43"]
[Result "1-0"]
[WhiteElo "1834"]
[BlackElo "1855"]

1. e4 e5 2. Nc3 Nf6 3. g3 d5 4. exd5 Nxd5 5. Bg2 c6 6. Nf3 Bg4 7. h3 Bxf3 8.
Qxf3 Nxc3 9. Qxc3 Nd7 10. d4 exd4 11. Qxd4 Nf6 12. Qc3 Rc8 13. O-O Be7 14. Bg5
O-O 15. Rad1 Qc7 16. Qe3 Rfe8 17. Qxa7 Ra8 18. Qd4 1-0

[Event "Challenge"]
[Site "http://www.queenalice.com/game.php?id=533495"]
[Date "2009.2.2"]
[Round "-"]
[White "agjjr"]
[Black "SmartPatzer"]
[Result "0-1"]
[WhiteElo "1636"]
[BlackElo "1895"]

1. e4 e6 2. Nf3 d5 3. exd5 exd5 4. d4 Bd6 5. Nc3 Ne7 6. Bd3 Nbc6 7. O-O Bg4 8.
Bb5 a6 9. Bxc6+ Nxc6 10. Re1+ Be7 11. h3 Bxf3 12. Qxf3 Nxd4 13. Qd3 c5 14. Re5
O-O 15. Rxd5 Qc7 16. Be3 Rfd8 17. Bxd4 cxd4 18. Rxd4 Bf6 19. Nd5 Qe5 20. Nxf6+
Qxf6 21. Rd1 Rxd4 22. Qxd4 Qe7 23. Qd7 Qxd7 24. Rxd7 b5 25. Rd6 g6 26. Kf1 a5
27. Rd5 b4 28. Ke2 Kf8 29. Kd3 Ke7 30. f4 Ke6 0-1

[Event "Challenge"]
[Site "http://www.queenalice.com/game.php?id=533496"]
[Date "2009.2.2"]
[Round "-"]
[White "SmartPatzer"]
[Black "agjjr"]
[Result "0-1"]
[WhiteElo "1827"]
[BlackElo "1842"]

1. e4 c5 2. Nc3 d6 3. g3 Nc6 4. Bg2 Nf6 5. d3 g6 6. f4 Bg7 7. Nf3 O-O 8. O-O Bg4
9. h3 Bxf3 10. Qxf3 Nd4 11. Qf2 Qc7 12. Ne2 Nxc2 13. Rb1 Nd7 14. a3 b5 15. Be3
Nxe3 16. Qxe3 Nb6 17. f5 Rad8 18. Nc3 Bd4 0-1

[Event "Challenge"]
[Site "http://www.queenalice.com/game.php?id=533497"]
[Date "2009.2.2"]
[Round "-"]
[White "tewald"]
[Black "SmartPatzer"]
[Result "0-1"]
[WhiteElo "1823"]
[BlackElo "1881"]

1. e4 e6 2. d3 d5 3. Nd2 Nf6 4. f4 Bb4 5. c3 Ba5 6. e5 Nfd7 7. d4 c5 8. Ngf3
cxd4 9. Nxd4 Qe7 10. g3 f6 11. exf6 Qxf6 12. N2b3 Bc7 13. Bg2 O-O 14. O-O Nc6
15. Nxc6 bxc6 16. Kh1 Ba6 17. Re1 e5 18. fxe5 Bxe5 19. Be3 Bc7 20. Bc5 Nxc5 21.
Nxc5 Bc8 22. Qe2 Bb6 23. Nd3 Ba6 24. Qc2 Rae8 25. Rf1 Qg6 26. Rxf8+ Rxf8 27. Nb4
Qxc2 28. Nxc2 Rf2 29. Nb4 Bb5 30. a4 Bc4 31. Nxc6 Rxb2 32. a5 Bc5 33. Ne5 Rc2
34. Rb1 Rxc3 35. Nxc4 dxc4 36. Bd5+ Kf8 37. Rb5 Be3 38. Rb4 Rc1+ 39. Kg2 c3 40.
Kf3 c2 41. Rb8+ Ke7 42. Rc8 Rf1+ 43. Kxe3 c1=Q+ 44. Rxc1 Rxc1 45. a6 Kd6 46. Bb7
Rf1 47. h4 Ke5 48. h5 Kf5 49. Bc8+ Kg5 50. g4 Rf8 51. Bd7 Rd8 52. Bf5 Rd6 0-1

[Event "Challenge"]
[Site "http://www.queenalice.com/game.php?id=533498"]
[Date "2009.2.2"]
[Round "-"]
[White "SmartPatzer"]
[Black "tewald"]
[Result "1-0"]
[WhiteElo "1864"]
[BlackElo "1890"]

1. e4 e6 2. d3 d5 3. Nd2 Nf6 4. Ngf3 c5 5. g3 Nc6 6. Bg2 d4 7. O-O e5 8. a3 Be7
9. Nc4 Qc7 10. h3 b5 11. Ncd2 a5 12. Re1 h6 13. Nf1 Be6 14. N3h2 c4 15. Bd2 Qc8
16. g4 b4 17. f4 c3 18. Bc1 exf4 19. bxc3 dxc3 20. axb4 axb4 21. Bxf4 O-O 22.
Rxa8 Qxa8 23. d4 Rd8 24. d5 Na5 25. d6 Qa7+ 26. Be3 Qd7 27. e5 Nc4 28. exf6 Bxf6
29. Bc5 Bh4 30. Re4 g5 31. Bxb4 Qa7+ 32. Qd4 Qxd4+ 33. Rxd4 1-0

[Event "Challenge"]
[Site "http://www.queenalice.com/game.php?id=1086791"]
[Date "2012.7.25"]
[Round "-"]
[White "SmartPatzer"]
[Black "plot24"]
[Result "1-0"]
[WhiteElo "1867"]
[BlackElo "1591"]

1. e4 d5 2. e5 c5 3. c3 Nc6 4. Bb5 Bd7 5. d4 Nxe5 6. Qa4 cxd4 7. Bxd7+ Qxd7 8.
Qxd4 Nc6 9. Qd3 e5 10. Ne2 g6 11. O-O Bg7 12. Be3 Nge7 13. Nd2 O-O 14. Ng3 f5
15. Bc5 e4 16. Qb5 Rac8 17. Bxa7 Ne5 18. Qb4 N7c6 19. Qa4 Ra8 20. Nb3 Rxa7 21.
Nc5 Qe7 22. Qb5 Rb8 23. Ne2 Ra5 24. Qb6 Rxc5 25. b4 1-0

[Event "Challenge"]
[Site "http://www.queenalice.com/game.php?id=1086792"]
[Date "2012.7.25"]
[Round "-"]
[White "plot24"]
[Black "SmartPatzer"]
[Result "0-1"]
[WhiteElo "1689"]
[BlackElo "1885"]

1. d4 d6 2. e4 Nf6 3. Bd3 e5 4. c3 Nc6 5. Nf3 Bg4 6. Be3 Qd7 7. Nbd2 d5 8. O-O
exd4 9. cxd4 dxe4 10. Nxe4 Nxe4 11. Bxe4 f5 12. Bxc6 Qxc6 13. Re1 O-O-O 14. Rc1
Bxf3 15. Qxf3 Qxf3 16. gxf3 Bd6 17. f4 Rde8 18. d5 Re4 19. Bxa7 Ra4 20. Be3 Rxa2
0-1

[Event "Challenge"]
[Site "http://www.queenalice.com/game.php?id=1086793"]
[Date "2012.7.25"]
[Round "-"]
[White "Nyvang"]
[Black "SmartPatzer"]
[Result "0-1"]
[WhiteElo "1812"]
[BlackElo "1871"]

1. d4 d5 2. Bf4 Nf6 3. h3 c5 4. Nc3 cxd4 5. Qxd4 Nc6 6. Qa4 Bd7 7. e3 e5 8. Bg5
Nd4 9. Bb5 Nxb5 10. Nxb5 a6 11. Bxf6 gxf6 12. Nd6+ Bxd6 13. Qb3 Qa5+ 14. Qc3 Bb4
0-1

[Event "Challenge"]
[Site "http://www.queenalice.com/game.php?id=1086794"]
[Date "2012.7.25"]
[Round "-"]
[White "SmartPatzer"]
[Black "Nyvang"]
[Result "1-0"]
[WhiteElo "1853"]
[BlackElo "1798"]

1. e4 b6 2. d4 g6 3. f4 Bb7 4. Nc3 Bg7 5. Nf3 e6 6. Bc4 d5 7. exd5 exd5 8. Qe2+
Ne7 9. Bb5+ c6 10. Ba4 O-O 11. O-O Nf5 12. Qf2 a5 13. a3 Na6 14. g4 Nd6 15. Ne5
b5 16. Bb3 b4 17. Ne2 Ne4 18. Qf3 f6 19. Nd3 c5 20. dxc5 Naxc5 21. axb4 Nxd3 22.
cxd3 Ng5 23. fxg5 fxg5 24. Qg2 Qb6+ 25. Kh1 Rfd8 26. Bxg5 Rd7 27. Nc3 Kh8 28.
Bxd5 Qxb4 29. Bxb7 Rxb7 30. Bf6 Rba7 31. Nd5 Qb7 32. Bxg7+ Kxg7 33. Rae1 Qb3 34.
Qe4 Qxb2 35. Qe5+ Qxe5 36. Rxe5 a4 37. Re7+ Rxe7 38. Nxe7 a3 39. Nd5 Rb8 40. Ra1
Rb3 41. d4 Rd3 42. Nf4 Rxd4 43. Ne6+ 1-0

[Event "Challenge"]
[Site "http://www.queenalice.com/game.php?id=1086796"]
[Date "2012.7.25"]
[Round "-"]
[White "SmartPatzer"]
[Black "axedre"]
[Result "0-1"]
[WhiteElo "1886"]
[BlackElo "1981"]

1. e4 e5 2. Nc3 Nf6 3. g3 d5 4. Bg2 Be6 5. Nge2 Nc6 6. d3 h6 7. f4 d4 8. Nb1 Bc5
9. Nd2 O-O 10. O-O Ng4 11. Rf3 Ne3 12. Qe1 Nxc2 0-1

[Event "Challenge"]
[Site "http://www.queenalice.com/game.php?id=1086797"]
[Date "2012.7.25"]
[Round "-"]
[White "gilsinho22"]
[Black "SmartPatzer"]
[Result "1-0"]
[WhiteElo "1766"]
[BlackElo "1889"]

1. e4 e6 2. e5 d5 3. d4 c5 4. Nf3 Nc6 5. Bb5 Bd7 6. Bxc6 Bxc6 7. Bg5 Qb6 8. b3
cxd4 9. Qxd4 Bc5 10. Qh4 Ne7 11. Bxe7 Bxe7 12. Qg3 g6 13. Nbd2 O-O-O 14. O-O d4
15. Nc4 Qc5 16. Ng5 Bxg5 17. Qxg5 f5 18. Nd6+ Rxd6 19. exd6 Qxd6 20. f3 Qc5 21.
Qf6 Rd8 22. Qxe6+ Bd7 23. Qc4 d3+ 24. Qxc5+ 1-0

[Event "Challenge"]
[Site "http://www.queenalice.com/game.php?id=1086798"]
[Date "2012.7.25"]
[Round "-"]
[White "SmartPatzer"]
[Black "gilsinho22"]
[Result "1-0"]
[WhiteElo "1890"]
[BlackElo "1802"]

1. e4 e5 2. Nc3 c6 3. g3 Bb4 4. a3 Bxc3 5. dxc3 b5 6. Bg2 Nf6 7. f4 Na6 8. fxe5
Ng8 9. Nf3 f6 10. exf6 gxf6 11. Ne5 fxe5 12. Qh5+ Ke7 13. Qxe5+ Kf8 14. O-O+ Nf6
15. Rxf6+ Qxf6 16. Qxf6+ Kg8 17. Bh6 Bb7 18. Qg7# 1-0

[Event "Challenge"]
[Site "http://www.queenalice.com/game.php?id=1086801"]
[Date "2012.7.25"]
[Round "-"]
[White "chapichapo"]
[Black "SmartPatzer"]
[Result "1-0"]
[WhiteElo "1753"]
[BlackElo "1893"]

1. e4 e6 2. d4 d5 3. exd5 exd5 4. Nc3 Nc6 5. Bb5 a6 6. Ba4 b5 7. Bb3 Na5 8. Nf3
Nf6 9. O-O Nxb3 10. axb3 Bb4 11. Bg5 O-O 12. Ne5 Qd6 13. Bxf6 Bxc3 14. Bxg7 Bxb2
15. Bxf8 Bxa1 16. Bxd6 1-0

[Event "Challenge"]
[Site "http://www.queenalice.com/game.php?id=1086802"]
[Date "2012.7.25"]
[Round "-"]
[White "SmartPatzer"]
[Black "chapichapo"]
[Result "1-0"]
[WhiteElo "1875"]
[BlackElo "1842"]

1. e4 e5 2. Nc3 Bc5 3. g3 Qf6 4. Nf3 d6 5. Na4 Bb6 6. Bg2 Bg4 7. h3 Bxf3 8. Bxf3
Nc6 9. O-O Nd4 10. Bg2 h5 11. Nxb6 axb6 12. d3 g5 13. f4 gxf4 14. gxf4 exf4 15.
Rxf4 Qg7 16. c3 Ne6 17. Rf2 Nf6 18. Kh1 Rg8 19. e5 dxe5 20. Bxb7 Rd8 21. Bc6+
Ke7 22. Be3 Qg3 23. Qf3 Rxd3 24. Qxf6+ Kd6 25. Qxf7 Kxc6 26. Qf3+ Kb5 27. Re1
Rxe3 28. Qxe3 Qxe3 29. Rxe3 Kc4 30. Rxe5 Nc5 31. Rf4+ Kd3 32. Rd4+ Kc2 33. Re2+
Kc1 34. Red2 Kb1 35. b3 Rg3 36. c4 Rxh3+ 37. Kg2 Re3 38. Rh4 Rc3 39. Rh1+ Rc1
40. Rxc1+ Kxc1 41. Re2 Kd1 42. Kf3 h4 43. Rh2 Ne6 44. Kg4 Kc1 45. Kxh4 Kb1 46.
Kg4 Nd4 47. Kf4 Nc2 48. Ke4 Nb4 49. a3 c6 50. axb4 1-0

[Event "Challenge"]
[Site "http://www.queenalice.com/game.php?id=1086803"]
[Date "2012.7.25"]
[Round "-"]
[White "cyrillt"]
[Black "SmartPatzer"]
[Result "0-1"]
[WhiteElo "1810"]
[BlackElo "1872"]

1. e4 e6 2. d4 d5 3. e5 c5 4. Nf3 Nc6 5. Be3 Qb6 6. b3 cxd4 7. Nxd4 Nxe5 8. Bb5+
Bd7 9. Nc3 Bc5 10. a4 Bxb5 11. Ncxb5 a6 12. Nc3 Nf6 13. O-O O-O 14. Nce2 Ne4 15.
f3 Nf6 0-1

[Event "Challenge"]
[Site "http://www.queenalice.com/game.php?id=1086804"]
[Date "2012.7.25"]
[Round "-"]
[White "SmartPatzer"]
[Black "cyrillt"]
[Result "0-1"]
[WhiteElo "1871"]
[BlackElo "1820"]

1. e4 e5 2. Nc3 Nf6 3. g3 Bc5 4. Bg2 c6 5. Nge2 d5 6. d3 d4 7. Na4 Qa5+ 8. Nac3
dxc3 9. Nxc3 O-O 10. Bd2 Qb6 11. O-O Ng4 12. Qe1 Nxf2 13. Rxf2 Bxf2+ 14. Qxf2
Qxb2 15. Rc1 Be6 16. Be1 Qxc1 0-1

[Event "Challenge"]
[Site "http://www.queenalice.com/game.php?id=1086805"]
[Date "2012.7.25"]
[Round "-"]
[White "franliro"]
[Black "SmartPatzer"]
[Result "1-0"]
[WhiteElo "1974"]
[BlackElo "1902"]

1. e4 e6 2. d4 d5 3. e5 c5 4. c3 Nc6 5. Nf3 Qb6 6. Bd3 Bd7 7. Bc2 cxd4 8. cxd4
Nh6 9. Bxh6 Qxb2 10. Nbd2 gxh6 11. O-O Nxd4 12. Nxd4 Qxd4 13. Qe2 Bg7 14. Nf3
Qb6 15. Rab1 Qc7 16. Rb4 O-O 17. Qd3 f5 18. exf6 Rxf6 19. Qxh7+ Kf7 20. Rg4 Rg8
21. Rc1 Qd6 22. Bg6+ Kf8 23. Bh5 e5 24. Rg3 Bf5 25. Bg6 Bxg6 26. Rc8+ 1-0

[Event "Challenge"]
[Site "http://www.queenalice.com/game.php?id=1086806"]
[Date "2012.7.25"]
[Round "-"]
[White "SmartPatzer"]
[Black "franliro"]
[Result "0-1"]
[WhiteElo "1867"]
[BlackElo "1991"]

1. e4 c5 2. Nc3 Nc6 3. g3 Nf6 4. Bg2 e6 5. Nge2 d5 6. O-O d4 7. Nb1 e5 8. d3 Be7
9. f4 exf4 10. Nxf4 Bg4 11. Qe1 Ne5 12. Nd2 b5 13. h3 Bd7 14. Nf3 Bd6 15. Bd2 a5
16. Qe2 Nxf3+ 17. Qxf3 Be5 18. g4 O-O 19. g5 Ne8 20. h4 g6 21. Nd5 Be6 22. Nf6+
Nxf6 23. gxf6 h5 24. Be1 Bg4 25. Qf2 Ra6 26. Qd2 Bxf6 27. Qf4 Bxh4 28. Bxh4 Qxh4
29. e5 Qe7 30. Rae1 Kg7 31. Bd5 Bf5 32. Re2 Be6 33. Qf6+ Qxf6 34. exf6+ Kh6 35.
Bxe6 Rxe6 0-1

[Event "OS INCLIVEIS"]
[Site "http://www.queenalice.com/game.php?id=1088470"]
[Date "2012.7.29"]
[Round "-"]
[White "adelio"]
[Black "SmartPatzer"]
[Result "0-1"]
[WhiteElo "1766"]
[BlackElo "1859"]

1. f4 d5 2. d4 c5 3. Nf3 Nf6 4. c4 dxc4 5. Nc3 b6 6. e4 e6 7. a3 b5 8. Bd2 a6 9.
Ra2 cxd4 10. Ne2 d3 11. Ng3 Bc5 12. Ng5 Qd4 13. Qf3 h6 14. Nh3 Bb7 15. Bc3 Qd7
16. b4 Ba7 17. Bxf6 gxf6 18. Rd2 Nc6 19. Bxd3 cxd3 20. Rxd3 Nd4 21. Qd1 Rd8 22.
Nf2 e5 23. f5 Ke7 24. O-O Ne2+ 25. Qxe2 Bxf2+ 26. Rxf2 Qxd3 27. Qa2 Bxe4 28.
Nxe4 Qxe4 29. Qb3 Qd5 30. Qe3 Qd1+ 31. Rf1 Qd4 32. Qxd4 Rxd4 33. h3 Rd3 34. Kh2
Rxa3 35. Rb1 Rd8 36. Rc1 Rb3 37. Rc7+ Rd7 38. Rc6 Rxb4 39. Rxa6 Rf4 40. Ra5 Rb7
41. g4 Ra4 42. Rxa4 bxa4 43. h4 a3 44. g5 hxg5 45. h5 a2 46. h6 a1=Q 47. h7 Rb3
48. h8=Q Qa2+ 49. Kh1 Rb1# 0-1

[Event "Challenge"]
[Site "http://www.queenalice.com/game.php?id=1091696"]
[Date "2012.8.9"]
[Round "-"]
[White "charles"]
[Black "SmartPatzer"]
[Result "0-1"]
[WhiteElo "1886"]
[BlackElo "1850"]

1. e4 e6 2. d4 d5 3. Nc3 Nf6 4. Bd3 c5 5. dxc5 Bxc5 6. h3 Qb6 7. Qf3 O-O 8. Nge2
Nc6 9. Be3 d4 10. Bd2 dxc3 11. Bxc3 e5 12. O-O Bd7 13. Bd2 Qxb2 14. Bc3 Qb6 15.
Rab1 Qc7 16. Bd2 Nd4 17. Nxd4 Bxd4 18. Qg3 Bc6 19. Bh6 Nh5 20. Qg4 Qd6 21. Bg5
Qg6 22. Be7 Qxg4 23. hxg4 Rfe8 24. Bg5 h6 25. Bh4 Nf4 26. Kh2 Nxd3 27. cxd3 Bb6
28. f3 g5 29. Be1 Rad8 30. Rb3 Rxd3 31. Rxd3 Bb5 32. Rd6 Bxf1 33. Rxh6 Kg7 34.
Rh3 Rc8 35. Rh5 f6 36. Kg3 Rc2 37. a3 Rxg2+ 0-1

[Event "Challenge"]
[Site "http://www.queenalice.com/game.php?id=1091697"]
[Date "2012.8.9"]
[Round "-"]
[White "SmartPatzer"]
[Black "charles"]
[Result "1/2-1/2"]
[WhiteElo "1874"]
[BlackElo "1888"]

1. e4 e5 2. Nc3 Bc5 3. g3 Qf6 4. Nf3 c6 5. Bg2 Ne7 6. d3 O-O 7. Bg5 Qd6 8. O-O
Ng6 9. h4 h6 10. Bd2 b5 11. Qc1 Qf6 12. h5 Ne7 13. g4 g5 14. Nxg5 Ng6 15. hxg6
fxg6 16. Nh3 1/2-1/2

[Event "Challenge"]
[Site "http://www.queenalice.com/game.php?id=1099370"]
[Date "2012.9.3"]
[Round "-"]
[White "Nyvang"]
[Black "SmartPatzer"]
[Result "1-0"]
[WhiteElo "1811"]
[BlackElo "1868"]

1. d4 d5 2. Bf4 Nf6 3. Nc3 Bf5 4. e3 e6 5. Bd3 Bg6 6. Bxg6 hxg6 7. a3 Nh5 8. Nh3
Nxf4 9. Nxf4 c5 10. O-O Nc6 11. h3 Bd6 12. Qg4 cxd4 13. Nb5 dxe3 14. Nxe6 exf2+
15. Kh1 fxe6 16. Qxe6+ Be7 17. Rxf2 Qd7 18. Qxg6+ Kd8 19. Qxg7 Re8 20. Rd1 a6
21. Nc3 d4 22. Rf7 Kc7 23. Ne4 Rf8 24. Qg3+ Kb6 25. Qb3+ Ka7 26. Rg7 Qf5 27. Nd6
Qd7 28. Ne4 Rad8 29. Nc5 Qc8 30. Ne6 Na5 31. Qa2 Qxc2 32. Qb1 Qxb1 33. Rxb1 Bh4
34. Nxf8 Rxf8 35. g3 Bd8 36. b4 Nc4 37. Rd7 Nxa3 38. Rc1 Nb5 39. h4 Bf6 40. h5
Nc3 41. h6 Bg5 42. Ra1 Ne2 43. b5 Kb6 44. bxa6 bxa6 45. Rd6+ Kc7 46. Rdxa6 Nxg3+
47. Kg2 Nf5 48. Ra7+ Kd6 49. h7 Nh4+ 50. Kh1 Bf6 51. R7a6+ Ke5 52. R1a5+ Ke4 53.
Rxf6 Rh8 54. Ra7 Nf3 55. Rg6 1-0